|
|
|
|
| LEADER |
00000nam0a2200000 4500 |
| 001 |
375878 |
| 005 |
20231102012755.0 |
| 035 |
|
|
|a (RuTPU)RU\TPU\retro\33317
|
| 035 |
|
|
|a RU\TPU\book\251422
|
| 090 |
|
|
|a 375878
|
| 100 |
|
|
|a 20221221d1955 km y0rusy50 ca
|
| 101 |
0 |
|
|a rus
|
| 102 |
|
|
|a RU
|
| 105 |
|
|
|a a g 001zy
|
| 200 |
1 |
|
|a Полевой атлас характерных комплексов фауны третичных отложений Центрального Предкавказья
|f Н. С. Волкова
|g Всесоюзный научно-исследовательский геологический институт (ВСЕГЕИ)
|
| 210 |
|
|
|a Москва
|c Госгеолтехиздат
|d 1955
|
| 215 |
|
|
|a 162 с.
|c ил.
|
| 317 |
|
|
|5 63413507: КР-341
|a Поступила в НТБ в 2004 г. в составе книжного собрания профессора ТПИ К. В. Радугина.
|
| 320 |
|
|
|a Библиогр.: с. 84.
|
| 320 |
|
|
|a Указатель: с. 73-83.
|
| 512 |
1 |
|
|a Полевой атлас фауны третичных отложений Центрального Предкавказья
|
| 606 |
1 |
|
|a Палеозоология
|2 stltpush
|3 (RuTPU)RU\TPU\subj\47985
|9 66868
|
| 610 |
1 |
|
|a фауна
|
| 610 |
1 |
|
|a третичные отложения
|
| 610 |
1 |
|
|a Центральное Предкавказье
|
| 610 |
1 |
|
|a моллюски
|
| 610 |
1 |
|
|a атласы
|
| 610 |
1 |
|
|a владельческая надпись
|
| 610 |
1 |
|
|a библиотека К. В. Радугина
|
| 675 |
|
|
|a 562/569
|v 3
|
| 700 |
|
1 |
|a Волкова
|b Н. С.
|
| 712 |
0 |
2 |
|a Всесоюзный научно-исследовательский геологический институт (ВСЕГЕИ)
|c (Ленинград)
|c (1939-1991)
|2 stltpush
|3 (RuTPU)RU\TPU\col\11367
|
| 801 |
|
1 |
|a RU
|b 63413507
|c 20130123
|
| 801 |
|
2 |
|a RU
|b 63413507
|c 20221221
|g RCR
|
| 942 |
|
|
|c BK
|